Meet Josefina (Record no. 490)

MARC details
000 -CABECERA
campo de control de longitud fija 00910nam a2200253 a 4500
001 - NÚMERO DE CONTROL
campo de control BRCA_559
005 - FECHA Y HORA DE LA ÚLTIMA TRANSACCIÓN
campo de control 20190320203049.0
008 - DATOS DE LONGITUD FIJA--INFORMACIÓN GENERAL
campo de control de longitud fija 961011s1997 wiua---###---#000-1#eng-d
020 ## - NÚMERO INTERNACIONAL ESTÁNDAR DEL LIBRO
Número Internacional Estándar del Libro 1562475150
040 ## - FUENTE DE LA CATALOGACIÓN
Centro catalogador/agencia de origen DLC
Centro/agencia transcriptor DLC
Centro/agencia modificador DLC
050 #4 - SIGNATURA TOPOGRÁFICA DE LA BIBLIOTECA DEL CONGRESO
Número de clasificación F1216.5
Número de documento/Ítem .T75 1997
100 1# - ENTRADA PRINCIPAL--NOMBRE DE PERSONA
Nombre de persona Tripp, Valerie
Fechas asociadas al nombre 1951-
9 (RLIN) 1930
245 10 - MENCIÓN DE TÍTULO
Título Meet Josefina
Resto del título An American Girl
Mención de responsabilidad, etc. by Valerie Tripp ; illustrations Jean-Paul Tibbles ; vignettes Susan McAliley.
260 ## - PUBLICACIÓN, DISTRIBUCIÓN, ETC.
Lugar de publicación, distribución, etc. Middleton, Wisconsin
Nombre del editor, distribuidor, etc. Pleasant
Fecha de publicación, distribución, etc. 1997
300 ## - DESCRIPCIÓN FÍSICA
Extensión 85 p.
Otras características físicas il. a color
Dimensiones 22 cm.
440 #0 - MENCIÓN DE SERIE/PUNTO DE ACCESO ADICIONAL--TÍTULO
Título The American Girls Collection
Designación de volumen o secuencia 1
9 (RLIN) 1931
500 ## - NOTA GENERAL
Nota general Incluye piezas de la colección Franz Mayer: (p. 81)
500 ## - NOTA GENERAL
Nota general Incluye glosario de palabras en español
651 #4 - PUNTO DE ACCESO ADICIONAL DE MATERIA--NOMBRE GEOGRÁFICO
Nombre geográfico Nuevo México
Subdivisión general Vida cotidiana
9 (RLIN) 1932
651 #4 - PUNTO DE ACCESO ADICIONAL DE MATERIA--NOMBRE GEOGRÁFICO
Nombre geográfico Nuevo México
Subdivisión general Civilización y cultura
9 (RLIN) 1933
700 1# - PUNTO DE ACCESO ADICIONAL--NOMBRE DE PERSONA
Nombre de persona Tibbles, Jean-Paul
9 (RLIN) 1934
700 1# - PUNTO DE ACCESO ADICIONAL--NOMBRE DE PERSONA
Nombre de persona McAliley, Susan
9 (RLIN) 1935
942 ## - ELEMENTOS DE PUNTO DE ACCESO ADICIONAL (KOHA)
Fuente del sistema de clasificación o colocación Library of Congress Classification
Tipo de ítem Koha Libros
Holdings
Estado de retiro Estado de pérdida Estado dañado No para préstamo Localización permanente Ubicación/localización actual Fecha de adquisición Total de préstamos Signatura topográfica completa Código de barras Fecha visto por última vez Precio válido a partir de Tipo de ítem Koha
El ejemplar forma parte de la colección y puede ser consultado según las políticas vigentes.       Biblioteca del Museo Franz Mayer (Rogerio Casas-Alatriste) Biblioteca del Museo Franz Mayer (Rogerio Casas-Alatriste) 25/06/2008   F1216.5 .T75 1997 00874 22/03/2019 22/03/2019 Libros